|
|
|
|
| LEADER |
00000nla2a2200000 4500 |
| 001 |
661089 |
| 005 |
20260421140929.0 |
| 035 |
|
|
|a (RuTPU)RU\TPU\network\31323
|
| 035 |
|
|
|a RU\TPU\network\31322
|
| 090 |
|
|
|a 661089
|
| 100 |
|
|
|a 20191120a2019 k y0rusy50 ca
|
| 101 |
0 |
|
|a rus
|
| 102 |
|
|
|a RU
|
| 105 |
|
|
|a y z 100zy
|
| 135 |
|
|
|a drcn ---uucaa
|
| 181 |
|
0 |
|a i
|
| 182 |
|
0 |
|a b
|
| 200 |
1 |
|
|a Исследование структурно-фазового состояния и свойств ударопрочных защитных покрытий системы Zr-Y-O на подложках Si
|f И. А. Божко [и др.]
|
| 203 |
|
|
|a Текст
|c электронный
|
| 225 |
1 |
|
|a Научные основы разработки материалов с многоуровневой иерархической структурой, в том числе для экстремальных условий эксплуатации: - материалы для авиакосмической и транспортной промышленности; - материалы для ядерной энергетики; - материалы для работы в условиях арктического климата; - материалы для медицины
|
| 300 |
|
|
|a Заглавие с экрана
|
| 320 |
|
|
|a [Библиогр.: с. 359 (3 назв.)]
|
| 333 |
|
|
|a Режим доступа: по договору с организацией-держателем ресурса
|
| 463 |
|
0 |
|0 (RuTPU)RU\TPU\network\31158
|t Иерархические материалы: разработка и приложения для новых технологий и надежных конструкций
|o международный междисциплинарный симпозиум, 1-5 октября 2019 г., Томск, Россия
|o тезисы докладов International Workshop "Multiscale Biomechanics and Tribology of Inorganic and Organic Systems"
|o тезисы докладов международной конференции "Перспективные материалы с иерархической структурой для новых технологий и надежных конструкций"
|o тезисы докладов международной конференции "Химия нефти и газа: добыча, подготовка, транспорт нефти и газа"
|f Российская академия наук (РАН), Сибирское отделение (СО), Институт физики прочности и материаловедения (ИФПМ) ; Институт химии нефти (ИХН)
|v [С. 358-359]
|d 2019
|
| 610 |
1 |
|
|a электронный ресурс
|
| 610 |
1 |
|
|a труды учёных ТПУ
|
| 610 |
1 |
|
|a структурно-фазовые состояния
|
| 610 |
1 |
|
|a свойства
|
| 610 |
1 |
|
|a защитные покрытия
|
| 610 |
1 |
|
|a новые материалы
|
| 610 |
1 |
|
|a микрочастицы
|
| 610 |
1 |
|
|a соударения
|
| 610 |
1 |
|
|a солнечные батареи
|
| 610 |
1 |
|
|a космические аппараты
|
| 701 |
|
1 |
|a Божко
|b И. А.
|c физик
|c доцент Томского политехнического университета, кандидат физико-математических наук
|f 1980-
|g Ирина Александровна
|3 (RuTPU)RU\TPU\pers\30662
|9 14943
|
| 701 |
|
1 |
|a Поданев
|b А. П.
|
| 701 |
|
1 |
|a Калашников
|b М. П.
|c физик
|c инженер Томского политехнического университета
|g Марк Петрович
|3 (RuTPU)RU\TPU\pers\31797
|9 15908
|
| 701 |
|
1 |
|a Федорищева
|b М. В.
|c физик
|c доцент Томского политехнического университета, кандидат физико-математических наук
|f 1958-
|g Марина Владимировна
|3 (RuTPU)RU\TPU\pers\35739
|
| 701 |
|
1 |
|a Сергеев
|b В. П.
|c специалист в области материаловедения
|c профессор Томского политехнического университета, доктор технических наук
|f 1949-
|g Виктор Петрович
|3 (RuTPU)RU\TPU\pers\25827
|9 11700
|
| 712 |
0 |
2 |
|a Национальный исследовательский Томский политехнический университет
|b Инженерная школа новых производственных технологий
|b Отделение материаловедения
|3 (RuTPU)RU\TPU\col\23508
|
| 801 |
|
2 |
|a RU
|b 63413507
|c 20191126
|g RCR
|
| 856 |
4 |
|
|u https://elibrary.ru/item.asp?id=41207113
|
| 942 |
|
|
|c CF
|